000 00364nam a2200157Ia 4500
005 20250423100856.0
008 250422s9999 xx 000 0 und d
020 _a964611704X
100 _aS.M Sadjadian
245 0 _aScientific English Reading
260 _bZabamkadeh Publiscations
260 _c2005
300 _a381 p
650 _aReading
942 _cBK
999 _c34608
_d34608